Aktuálne informácie z legislatívy
Zvýšenie životného minima. Výpočet nezdaniteľnej časti základu dane. Príležitostné príjmy oslobodené od dane. Vplyv výšky životného minima na možnosti výplaty príspevkov zo sociálneho fondu. Príspevok na dopravu. Poskytovanie osobných ochranných pracovných prostriedkov (OOPP). Posudzovanie vhodnosti...
Salvato in:
| Autore principale: | |
|---|---|
| Natura: | Capitolo di libro |
| Lingua: | slovacco |
| Soggetti: | |
| Tags: |
Nessun Tag, puoi essere il primo ad aggiungerne!!
|
MARC
| LEADER | 00000naa$a2200000$$$4500 | ||
|---|---|---|---|
| 001 | 0051189 | ||
| 005 | 20240502071608.8 | ||
| 041 | 0 | |a slo | |
| 044 | |a SK | ||
| 245 | 1 | 0 | |a Aktuálne informácie z legislatívy |c Jitka Meluchová |
| 520 | |a Zvýšenie životného minima. Výpočet nezdaniteľnej časti základu dane. Príležitostné príjmy oslobodené od dane. Vplyv výšky životného minima na možnosti výplaty príspevkov zo sociálneho fondu. Príspevok na dopravu. Poskytovanie osobných ochranných pracovných prostriedkov (OOPP). Posudzovanie vhodnosti OOPP. Povinnosti zamestnávateľa pri používaní OOPP. | ||
| 610 | 2 | 0 | |a legislatíva |
| 610 | 2 | 0 | |a zákony |
| 610 | 2 | 0 | |a zamestnávatelia |
| 610 | 2 | 0 | |a zamestnanci |
| 610 | 2 | 0 | |a základ dane |
| 610 | 2 | 0 | |a dane |
| 610 | 2 | 0 | |a príjmy |
| 610 | 2 | 0 | |a fond sociálny |
| 610 | 2 | 0 | |a prostriedky pracovné ochranné |
| 100 | 1 | |a Meluchová, Jitka, 1965- | |